| 000 | 02170nam a22003137a 4500 | ||
|---|---|---|---|
| 001 | 9400 | ||
| 003 | FISKH | ||
| 005 | 20260105100617.0 | ||
| 008 | 260105b cb ||||| |||| 00| 0 eng d | ||
| 020 | _a9789995001803 | ||
| 040 |
_aFISKH _bkhr _cFISKH _dFISKH |
||
| 050 | _aPZ7 | ||
| 082 | _a895.932 | ||
| 100 | _aBopha , Om | ||
| 245 |
_aកុមារីវាយថ្ម / _cអ្នកនិពន្ធ លោក អ៊ុំ បុប្ផា , អ្នកវាយអត្ថបទ អ្នកស្រី ហាក់ ផាន្នី |
||
| 260 |
_aភ្នំពេញ : _bគ្រឹះស្ថានបោះពុម្ព និង ចែកផ្សាយ ; _c2013 . |
||
| 300 |
_a8 pages : _bcolor illustrations ; _c17 X 17 cm . |
||
| 490 | _aរឿងនិទានអប់រំសម្រាប់កុមារ | ||
| 505 | _aP | ||
| 520 | _aមានកុមារីក្រីក្រម្នាក់ប្រកបរបរវាយថ្ម ។ ថ្ងៃមួយថ្មក៏បានរមៀលលើកុមារីនោះ ម្តាយកុមារីបានបញ្ជូនកូនទៅពេទ្យ ហើយក៏នឹកស្តាយកំហុសមិនគួរណាអោយកូនប្រកបរបរនេះ ។ ក្រោយពីនាងជាសះស្បើយម្តាយកុមារីនោះក៏បានអោយនាងចូលរៀនដូចកុមារដទៃទៀតដែរ ។ | ||
| 520 | _aThere was a poor young girl who earned a living by breaking stones. One day, a stone rolled onto her. The girl’s mother took her to the hospital and deeply regretted her mistake in allowing her daughter to do such work. After the girl recovered, her mother sent her to school like other children. | ||
| 521 | 8 |
_a650
_bLexile estimate |
|
| 521 | 8 |
_aP
_bRaz-Plus |
|
| 650 |
_aកុមារីវាយថ្ម _vរឿងនិទានកុមារ |
||
| 650 |
_aThe Stone-Breaking Girl _vChildren's Stories |
||
| 700 |
_aVisal , Seng _eIllustrator |
||
| 942 |
_2ddc _cKHB _n0 |
||
| 999 |
_c9400 _d9400 |
||